000 00779npm a2200229 i 4500
001 5308
003 ES-MaACL
005 20230909111208.0
007 hzrazu bucu
008 900430r19901860fr b 00010 fre d
080 _a86.09(04)
100 1 _aLucas, Hyppolyte.
_9129119
245 1 0 _aDocuments relatifs a l'histoire du Cid
_b: [Microforma] /
_cpar Hippolyte Lucas.
260 _aMadrid :
_bAteneo Cientifico, Literario y Artistico,
_c1990.
300 _a2 microfichas :
_bnegativo.
500 _aPublicado originalmente: Paris, Alvares, 1860, 1 v.
505 8 _aMicroficha n. 1: V. 1 (p.119) -- Microficha n. 2: V. 1 (p.120 a 211)
650 1 4 _aObras de 1800.
_915662
852 _aES-MaACL
_jMCF-52
_95425
942 _2udc
_cMICROFORMA
999 _c5308
_d5308